| 000 | 00311nam a2200109 4500 | ||
|---|---|---|---|
| 999 |
_c9857 _d9857 |
||
| 008 | 180720b ||||| |||| 00| 0 eng d | ||
| 245 | _aAustralia, Indonesia unite to stop terrorism funding. | ||
| 260 |
_aPhilippines _bManila Bulletin _cc2017 |
||
| 300 | _apage 5. | ||
| 650 | 0 |
_929170 _aTerrorism. |
|
| 942 |
_2ddc _cPER |
||